[Event "2nd Guotai Cup Belt Road 2019"]
[Site "Qinhuangdao"]
[Date "2019.04.16"]
[Round "1.1"]
[White "Wang, Hao"]
[Black "Wu, Wenjin"]
[Result "1-0"]
[WhiteElo "2726"]
[BlackElo "2345"]
[Annotator "TA"]
[PlyCount "79"]
[EventDate "2019.04.16"]
[EventType "swiss"]
[EventCountry "CHN"]
[SourceTitle "playchess.com"]
[Source "ChessBase"]
[SourceQuality "1"]

{[%evp 26,79,21,21,54,37,43,39,47,37,41,37,37,39,21,25,43,37,51,57,82,79,78,85,146,142,143,145,167,171,183,176,170,183,207,166,208,213,195,159,242,214,224,224,316,295,460,430,440,204,198,188,343,364,605,494]} 1. e4 e5 2. Nf3 Nc6 3. Bb5 a6 4. Ba4 Nf6 5. O-O Be7 6. Re1 d6 7. c3 Bg4 8. d4 b5 9. Bb3 O-O 10. Be3 Na5 11. dxe5 Bxf3 12. Qxf3 dxe5 13. Bc2 Nc4 14. Bc1 Nd7 {C91: Closed Ruy Lopez: 7...d6 8 c3 0-0 9 d4} (14... Qc8 15. b3 Nb6 16. h3 Qe6 17. Nd2 Rfd8 18. Nf1 Bf8 19. Bg5 Rd6 20. b4 h6 21. Bh4 Nh7 22. Ne3 {1-0 (38) Idani,P (2566)-Atabayev,S (2437) Ashkhabad 2017}) 15. Qg3 Re8 $146 ({Predecessor:} 15... Bd6 16. b3 Ncb6 17. Nd2 Nc8 18. Nf1 Ne7 19. Qh3 Qc8 20. f4 Nf6 21. f5 Nd7 22. Kh1 {1-0 (45) Fowler,S (2204)-Adams,N (2218) Budapest 2007}) 16. Rd1 Nd6 {White is slightly better.} 17. Be3 Nc4 18. Bh6 {[%csl Gh6][%cal Rg3g7]} Bf6 19. b3 Nd6 20. Nd2 Nf8 21. Be3 Ne6 22. Nf3 Nf4 23. Bxf4 exf4 24. Qxf4 Bxc3 (24... Qe7 $142) 25. e5 $16 {aiming for Rab1.} Bxa1 26. Rxa1 (26. exd6 $2 Qf6 $17) 26... g6 27. Rd1 {[%mdl 64] Pin} (27. exd6 $6 Qxd6 28. Qxd6 cxd6 $14) 27... Qe7 {Strongly threatening ...Nb7.} 28. exd6 cxd6 29. b4 (29. Qxd6 Qxd6 30. Rxd6 Rac8 $16) 29... d5 30. Bb3 Rad8 31. h4 (31. Bxd5 $2 Rxd5 $1 {[%mdl 512]} 32. Rb1 (32. Rxd5 $2 Qe1+ {[%mdl 64] Back Rank} 33. Nxe1 Rxe1#) 32... Qe4 $19) 31... Qd6 32. Qd2 Kg7 (32... Qf6 $16 33. Bxd5 Kg7) 33. g3 (33. Bxd5 $6 Qf6) (33. Qxd5 $6 Qxd5 34. Rxd5 (34. Bxd5 Re7 $11) 34... Rxd5 $16) 33... Qf6 34. Kg2 ({But not} 34. Bxd5 Rd7) 34... Re7 (34... d4 $142 35. Nxd4 Kg8) 35. h5 $18 d4 (35... h6 $142 36. Nd4 (36. hxg6 fxg6 37. Nd4 Rd6 $18) 36... Rd6 37. hxg6 fxg6) 36. h6+ Kg8 37. Qf4 (37. Rc1 $142) 37... Qxf4 38. gxf4 Kf8 $2 {[#]} (38... Rc7 {might work better.} 39. Rxd4 Rxd4 40. Nxd4 Rd7) 39. Ng5 $1 ({Worse is} 39. Rxd4 Rxd4 40. Nxd4 Re4 $11 {[%mdl 64] Double Attack}) 39... Rd6 $2 (39... d3 40. Nxh7+ Kg8) 40. Nxh7+ {Accuracy: White = 73%, Black = 33%.} 1-0

[Event "2nd Guotai Cup Belt Road 2019"]
[Site "Qinhuangdao"]
[Date "2019.04.16"]
[Round "1.2"]
[White "Huang, Renjie"]
[Black "Zvjaginsev, Vadim"]
[Result "0-1"]
[WhiteElo "2338"]
[BlackElo "2641"]
[Annotator "TA"]
[PlyCount "150"]
[EventDate "2019.04.16"]
[EventType "swiss"]
[EventCountry "CHN"]
[SourceTitle "playchess.com"]
[Source "ChessBase"]
[SourceQuality "1"]

{[%evp 9,150,8,26,18,20,18,25,23,25,18,23,20,34,0,27,4,31,0,0,-17,-19,-10,-12,-12,-13,-22,-15,-22,-6,-7,33,23,31,32,24,24,20,13,27,16,27,6,4,-12,-11,-10,-14,-14,-14,-25,-22,-16,-16,-20,0,0,0,0,0,0,0,0,0,0,0,0,0,0,0,-28,0,0,0,-6,0,-16,-9,-53,-25,-81,-17,-245,-265,-262,-256,-256,-257,-252,-253,-247,-235,-251,-101,-149,-146,-177,-169,-157,-151,-215,-241,-273,-258,-540,-541,-539,-515,-516,-485,-549,-535,-503,-431,-368,-355,-313,-191,-191,0,-197,-197,-327,-324,-269,-160,-5084,-425,-1713,-1425,-5634,-5591,-4610,-2532,-29981,-29982,-29982,-29983,-29983,-29984,-29989,-29988,-29991,-29992]} 1. e4 c5 2. Nf3 e6 3. g3 Nc6 4. Bg2 Nf6 5. Nc3 d6 6. O-O {B50: Sicilian: 2...d6, Miscellaneous} Qb6 7. Re1 $146 ({Predecessor:} 7. b3 Be7 8. Bb2 Bd7 9. Nh4 g5 10. Nf3 g4 11. Nh4 {½-½ (21) Nedev,T (2514)-Portisch,L (2591) Panormo 2001}) 7... Be7 8. b3 {White has an edge.} O-O 9. Bb2 Bd7 10. d3 Rad8 11. h3 Be8 12. Qe2 Nd7 13. Rad1 Bf6 14. Na4 Qa5 15. Bxf6 Nxf6 16. Qd2 Qxd2 17. Rxd2 e5 18. Nc3 Nd4 19. Ne2 Bc6 20. Nfxd4 cxd4 21. c3 dxc3 22. Nxc3 Rfe8 23. d4 Kf8 24. Red1 Rc8 25. dxe5 dxe5 26. Nd5 Nxd5 27. exd5 Bd7 28. Re1 f6 29. Kh2 Rc3 30. d6 b6 31. h4 Rec8 32. f4 exf4 33. gxf4 Rc2 34. Ree2 Rxd2 35. Rxd2 $11 {[%mdl 4096] Endgame KRB-KRB} Rc3 36. Kg1 g6 37. Kf2 a5 38. Bf3 Ke8 39. h5 gxh5 40. Bxh5+ Kd8 41. Bf3 Be6 42. Be2 Rc5 43. Ke3 Kd7 44. Ke4 (44. Rd1 $11 {remains equal.}) 44... h6 (44... h5 $1 $17) 45. a4 $2 (45. Bc4 $11 Bxc4 46. bxc4) 45... Bf5+ $1 $19 ({Don't do} 45... Bxb3 46. Bb5+ Kd8 47. Rb2 $17) 46. Ke3 {Black should prevent Bb5+.} Rc3+ {[%mdl 64] Double Attack} 47. Kd4 Rc2 $1 {[%cal Rc2d2]} ({Not} 47... Rxb3 48. Bb5+ Kd8 49. Rg2 $16) 48. Bb5+ Kxd6 49. Rd1 {[#]} Bg4 $1 {[%cal Rg4d1]} 50. Re1 Rc8 (50... Rf2 $19 {is more deadly.} 51. Bc4 Rxf4+ 52. Ke3 Ke5 53. Kd3+ Kf5) 51. Bc4 h5 52. Rg1 Rh8 53. f5 Rc8 54. Be6 (54. Bd3 $17) 54... Rc2 55. Rg3 Re2 56. Kc4 $2 (56. Rg1 {keeps fighting.}) 56... Re4+ 57. Kb5 Rb4+ 58. Ka6 h4 59. Re3 h3 {Threatens to win with ...h2.} 60. Bc8 h2 61. Re6+ Kc7 62. Bb7 Bxf5 63. Rxf6 Bc8 $2 ({Inferior is} 63... Rxb3 64. Rxf5 Rh3 65. Rf7+ Kd6 66. Rf5 $11) (63... Bd7 $19 64. Rh6 Rxb3 65. Rxh2 Bxa4 66. Rh7+ Bd7) 64. Rf7+ $2 {[#]} (64. Rc6+ $11 {and White has nothing to worry.} Kd7 65. Rh6 Bxb7+ 66. Kxb7) 64... Bd7 $1 65. Rh7 (65. Rf2 {is the only way for White.}) 65... Rxb3 {...Rh3 is the strong threat.} 66. Rxh2 Bxa4 (66... Rb4 $19 67. Rh7 Kd6 68. Rh6+ Kc5 69. Rh5+ Kd6 70. Rh6+ Kc7) 67. Rh6 $2 (67. Rh7+ $17 Bd7 68. Bd5) 67... Bb5+ (67... Bd7 $142 68. Rh7 a4) 68. Ka7 Bd7 69. Bd5 Rb5 70. Bc4 Rb4 71. Ba6 a4 {[%cal Ba5a4,Ba4a3][%mdl 32] Black mates.} 72. Rh2 a3 73. Rc2+ Bc6 74. Ra2 Rh4 (74... Ra4 $2 75. Rxa3 b5 76. Ra1 $17) 75. Bc8 Rh8 {Accuracy: White = 43%, Black = 64%.} 0-1

[Event "2nd Guotai Cup Belt Road 2019"]
[Site "Qinhuangdao"]
[Date "2019.04.16"]
[Round "1.3"]
[White "Yilmaz, Mustafa"]
[Black "Wu, huanghui"]
[Result "1-0"]
[WhiteElo "2631"]
[BlackElo "2217"]
[Annotator "RC"]
[PlyCount "137"]
[EventDate "2019.04.16"]
[EventType "swiss"]
[EventCountry "CHN"]
[SourceTitle "playchess.com"]
[Source "ChessBase"]
[SourceQuality "1"]
[TimeControl "5400+30"]

1. c4 {[%emt 0:00:00]} e6 {[%emt 0:00:00]} 2. Nc3 {[%emt 0:00:00]} d5 {[%emt 0:00:55]} 3. d4 {[%emt 0:00:04]} Nf6 {[%emt 0:00:27]} 4. cxd5 {[%emt 0:00:06]} exd5 {[%emt 0:01:45]} 5. Bg5 {[%emt 0:00:05]} c6 {[%emt 0:02:45]} 6. e3 {[%emt 0:00:35]} h6 {[%emt 0:02:42]} 7. Bh4 {[%emt 0:00:36]} Bf5 {[%emt 0:01:24]} 8. Qf3 {[%emt 0:01:50]} Bg6 {[%emt 0:02:42]} 9. Bxf6 {[%emt 0:00:16]} Qxf6 {[%emt 0:00:43]} 10. Qxf6 {[%emt 0:00:06]} gxf6 {[%emt 0:00:03]} 11. Nf3 {[%emt 0:06:06]} a5 {[%emt 0:10:58]} 12. Nh4 {[%emt 0:06:30]} b5 {[%emt 0:11:26]} 13. a4 {[%emt 0:12:34]} b4 {[%emt 0:01:11]} 14. Ne2 {[%emt 0:00:55]} Nd7 {[%emt 0:14:58]} 15. Nf4 {[%emt 0:01:34]} Bc2 {[%emt 0:01:29]} 16. Be2 {[%emt 0:14:34]} Bd6 {[%emt 0:08:57]} 17. Kd2 {[%emt 0:06:43]} Bb3 {[%emt 0:06:11]} 18. Nd3 {[%emt 0:02:05]} Nb6 {[%emt 0:00:19]} 19. Bd1 {[%emt 0:08:32]} Nc4+ {[%emt 0:01:29]} 20. Ke2 {[%emt 0:01:33]} Bxd1+ {[%emt 0:00:10]} 21. Rhxd1 {[%emt 0:01:21]} b3 {[%emt 0:03:43]} 22. Nf5 {[%emt 0:10:34]} Kd7 {[%emt 0:01:01]} 23. h4 {[%emt 0:07:01]} Rag8 {[%emt 0:04:00]} 24. Kf3 {[%emt 0:03:25]} h5 {[%emt 0:04:41]} 25. Rac1 {[%emt 0:01:38]} Ke6 {[%emt 0:08:46]} 26. Nxd6 {[%emt 0:00:05]} Kxd6 {[%emt 0:00:04]} 27. Rc3 {[%emt 0:00:43]} Rb8 {[%emt 0:00:14]} 28. g3 {[%emt 0:02:17]} Rhg8 {[%emt 0:01:31]} 29. Re1 {[%emt 0:01:07]} Rb6 {[%emt 0:03:45]} 30. Ke2 {[%emt 0:01:43]} Ke6 {[%emt 0:01:35]} 31. Rec1 {[%emt 0:00:42]} Kf5 {[%emt 0:01:12]} 32. Rxc4 {[%emt 0:01:25]} dxc4 {[%emt 0:00:27]} 33. Rxc4 {[%emt 0:00:02]} Rd8 {[%emt 0:02:24]} 34. Kf3 {[%emt 0:03:01]} Kg6 {[%emt 0:00:45]} 35. Rc5 {[%emt 0:00:35]} Ra8 {[%emt 0:01:15]} 36. Nf4+ {[%emt 0:02:37]} Kg7 {[%emt 0:00:12]} 37. Nd3 {[%emt 0:00:32]} Kg6 {[%emt 0:00:56]} 38. Ke2 {[%emt 0:00:01]} f5 {[%emt 0:01:16]} 39. Kd2 {[%emt 0:01:45]} Kf6 {[%emt 0:00:16]} 40. Kc3 {[%emt 0:00:58]} Raa6 {[%emt 0:00:41]} 41. Re5 {[%emt 0:00:49]} Ra8 {[%emt 0:00:27]} 42. Nf4 {[%emt 0:02:14]} Rb4 {[%emt 0:00:35]} 43. Nxh5+ {[%emt 0:00:04]} Kg6 {[%emt 0:00:03]} 44. Nf4+ {[%emt 0:00:05]} Kf6 {[%emt 0:00:29]} 45. Rc5 {[%emt 0:00:41]} Rxa4 {[%emt 0:00:50]} 46. Rxc6+ {[%emt 0:00:05]} Kg7 {[%emt 0:00:19]} 47. Kxb3 {[%emt 0:01:11]} Ra1 {[%emt 0:00:29]} 48. Kc2 {[%emt 0:01:28]} Rf1 {[%emt 0:00:52]} 49. Nd3 {[%emt 0:00:03]} a4 {[%emt 0:00:35]} 50. Kd2 {[%emt 0:00:11]} a3 {[%emt 0:00:25]} 51. bxa3 {[%emt 0:00:05]} Rxa3 {[%emt 0:00:04]} 52. Ke2 {[%emt 0:00:07]} Rb1 {[%emt 0:00:52]} 53. Rc7 {[%emt 0:01:06]} Rba1 {[%emt 0:00:36]} 54. Ne5 {[%emt 0:01:36]} R3a2+ {[%emt 0:00:28]} 55. Kf3 {[%emt 0:00:14]} Rf1 {[%emt 0:00:32]} 56. Nd3 {[%emt 0:00:32]} Rd1 {[%emt 0:00:27]} 57. Rc3 {[%emt 0:00:48]} Rad2 {[%emt 0:00:29]} 58. Nf4 {[%emt 0:00:15]} Rf1 {[%emt 0:00:24]} 59. Nh3 {[%emt 0:00:01]} Rh1 {[%emt 0:00:42]} 60. Kg2 {[%emt 0:00:14]} Ra1 {[%emt 0:00:28]} 61. Rc5 {[%emt 0:00:16]} Kf6 {[%emt 0:00:20]} 62. Rc6+ {[%emt 0:00:29]} Kg7 {[%emt 0:00:06]} 63. h5 {[%emt 0:00:38]} f6 {[%emt 0:00:32]} 64. Rc5 {[%emt 0:00:05]} Re1 {[%emt 0:00:18]} 65. Kf3 {[%emt 0:00:20]} Rh1 {[%emt 0:00:13]} 66. Rxf5 {[%emt 0:01:36]} Rh2 {[%emt 0:01:20]} 67. Kg4 {[%emt 0:00:02]} Rd1 {[%emt 0:00:19]} 68. Nf4 {[%emt 0:00:35]} Rf1 {[%emt 0:00:47]} 69. Ne6+ {[%emt 0:00:41]} 1-0

[Event "2nd Guotai Cup Belt Road 2019"]
[Site "Qinhuangdao"]
[Date "2019.04.16"]
[Round "1.4"]
[White "Tuvsanaa, Nyamaa"]
[Black "Lu, Shanglei"]
[Result "1-0"]
[WhiteElo "2212"]
[BlackElo "2625"]
[Annotator "TA"]
[PlyCount "67"]
[EventDate "2019.04.16"]
[EventType "swiss"]
[EventCountry "CHN"]
[SourceTitle "playchess.com"]
[Source "ChessBase"]
[SourceQuality "1"]

{[%evp 9,67,0,24,24,21,19,6,14,17,18,20,18,23,30,88,73,71,24,84,55,48,40,39,29,21,22,29,22,32,30,67,37,76,40,64,64,119,98,154,72,53,57,195,125,300,72,225,74,918,810,1192,1153,1874,1874,1805,1772,1700,1685,1541,1529]} 1. d4 Nf6 2. Nf3 e6 3. Bg5 c5 4. c3 Nc6 5. e3 cxd4 (5... h6 6. Bh4 d5 7. Nbd2 g5 8. Bg3 Nh5 9. Bb5 Bd7 10. Bxc6 Bxc6 11. Ne5 Nxg3 12. hxg3 Bg7 13. f4 Qc7 14. Qh5 Bb5 15. Kf2 {½-½ (50) Salgado Lopez,I (2629)-Alekseev,E (2639) St Petersburg 2018}) 6. exd4 {A46: 1 d4 Nf6 2 Nf3 e6: Torre, London and Colle Systems} h6 7. Bh4 g5 8. Bg3 {The position is equal.} Ne4 9. Nbd2 Nxg3 10. hxg3 Bg7 11. Nc4 $146 ({Predecessor:} 11. Bd3 d6 12. Qe2 Qe7 13. Nc4 Bd7 14. d5 exd5 15. Nxd6+ {1-0 (59) Gogolis,A (2283)-Skirianoglou,D (2046) Athens 2008}) 11... O-O (11... d5 $11 12. Nce5 Bd7) 12. Bd3 f5 13. Qe2 (13. g4 $5) 13... d6 (13... b5 $11 {keeps the balance.} 14. Nd6 b4) 14. g4 b5 15. Ne3 b4 16. Kf1 bxc3 17. bxc3 f4 18. Nc4 $36 {[%mdl 2048] White fights for an advantage.} d5 19. Nce5 Qc7 20. Ng6 Rf6 21. Rc1 Rb8 22. Kg1 Nb4 ({Black should play} 22... Rf7 $14) 23. Bb1 $1 $16 Ba6 (23... Rb6 $142) 24. Qd2 (24. Qe5 $142 Rb7 25. Rxh6 $1 {[%mdl 512]} Qxe5 26. dxe5 Bxh6 27. exf6) 24... Nc6 {White must now prevent ...Rxb1!} 25. Qc2 Rf7 (25... Rb6 $1 $14) 26. Rh5 ({White should try} 26. Re1 $1 $18) 26... Qd6 $2 {[#]} (26... Bc8 $16 {keeps fighting.}) 27. Kh2 $2 (27. Nh8 $1 $18 {[%mdl 512]} Rxb1 (27... Bxh8 28. Qg6+) 28. Rxb1 Bxh8 29. Rxh6) 27... Rfb7 $2 {[#]} (27... Rc7 $16 {was called for.} 28. Nh8 (28. Nge5 Nxe5 29. dxe5 Qe7 $16) 28... Bxh8 29. Qg6+ Bg7 30. Rxh6 Rxb1 31. Nxg5 (31. Rxb1 Bd3 $14 {[%mdl 64] Double Attack}) 31... Bd3 32. Qxd3 Bxh6 33. Qg6+ {[%mdl 64] Double Attack} Bg7 34. Rxb1 Re7) 28. Nge5 $2 (28. Nh8 $1 $18 {[%mdl 512] and the rest is easy.}) 28... Bxe5 $4 {[%mdl 8192]} (28... Nxe5 $16 29. dxe5 Qe7) 29. Qg6+ $18 {White is clearly winning.} ({And not} 29. dxe5 Nxe5 30. Nxe5 Qxe5 $11) 29... Bg7 {[#]} 30. Nxg5 $1 {[%mdl 512]} Nd8 (30... hxg5 31. Rh8+) 31. Rxh6 {Threatening mate with Rh8+!} Kf8 32. Nh7+ Ke7 33. Qxg7+ Nf7 34. Ng5 {Accuracy: White = 52%, Black = 28%.} 1-0

[Event "2nd Guotai Cup Belt Road 2019"]
[Site "Qinhuangdao"]
[Date "2019.04.16"]
[Round "1.5"]
[White "Oparin, Grigoriy"]
[Black "Gu, Tianlu"]
[Result "1-0"]
[WhiteElo "2624"]
[BlackElo "2201"]
[Annotator "TA"]
[PlyCount "77"]
[EventDate "2019.04.16"]
[EventType "swiss"]
[EventCountry "CHN"]
[SourceTitle "playchess.com"]
[Source "ChessBase"]
[SourceQuality "1"]

{[%evp 9,77,5,10,6,38,19,60,56,63,56,99,93,191,70,107,63,183,165,183,174,187,168,203,182,169,140,139,141,133,144,145,140,138,128,147,156,149,147,148,156,160,148,159,155,163,153,241,231,239,231,382,387,442,446,829,843,839,839,836,832,783,762,1087,1106,1047,1042,1872,1812,1680,1197]} 1. Nf3 d5 2. g3 g6 3. c4 d4 4. b4 Bg7 5. d3 a5 (5... e5 6. Bg2 Ne7 7. O-O O-O 8. a4 a5 9. b5 c5 10. Ra2 Nd7 11. e3 dxe3 12. fxe3 e4 13. dxe4 Ne5 14. Nxe5 Bxe5 15. Bb2 Bxb2 16. Rxb2 {0-1 (65) Oparin,G (2613)-Korobov,A (2698) St Petersburg 2018}) 6. b5 {A09: Réti Opening: 1 Nf3 d5 2 c4} c6 7. a4 cxb5 $146 ({Predecessor:} 7... c5 8. Bg2 Ra7 9. Ra2 b6 10. O-O Nd7 11. e3 dxe3 12. fxe3 Nh6 {0-1 (28) Pucher,S (2370)-Ovsejevitsch,S (2579) Germany 2017}) 8. axb5 {White is slightly better.} b6 9. Bg2 Ra7 10. O-O Nh6 (10... Bb7 $16) 11. Nbd2 (11. Bf4 $18 Bb7 12. c5 bxc5 13. Qc1) 11... O-O 12. Nb3 {[%cal Bd2b3,Bb3c1,Bc1d3][%mdl 32]} Ng4 (12... Nf5 $14) 13. h3 $18 Ne5 14. Nfxd4 a4 15. Bb2 Qc7 16. Nc1 Rd8 17. Rxa4 Rxa4 18. Qxa4 {aiming for Ncb3.} Nxc4 19. Qxc4 Qxc4 20. dxc4 Bxd4 21. Nd3 Be6 22. Rc1 Bxb2 23. Nxb2 Rc8 24. f4 Nd7 25. Kf2 Nc5 26. Ra1 Rd8 27. Ke3 f6 (27... Rd6 $16 28. Ra7 Kf8) 28. Na4 Nb3 29. Ra3 Bxc4 $2 (29... Nd4 30. Rc3 Nf5+ 31. Kf2 Rb8) 30. Nxb6 Nd4 {[#] Threatens to win with ...Nc2+.} 31. Nxc4 {White is clearly winning.} Nc2+ (31... Nxb5 $142 32. Rd3 Rxd3+ 33. Kxd3 Nc7) 32. Kf2 Nxa3 33. Nxa3 Rb8 34. Bc6 Kf7 35. Nc4 e6 36. Ke3 Ke7 37. b6 {[%cal Bb5b6,Bb6b7][%mdl 32]} e5 38. fxe5 fxe5 39. b7 {Accuracy: White = 81%, Black = 25%.} 1-0

[Event "2nd Guotai Cup Belt Road 2019"]
[Site "Qinhuangdao"]
[Date "2019.04.16"]
[Round "1.6"]
[White "Khvostikov, Sergey"]
[Black "Antipov, Mikhail Al."]
[Result "0-1"]
[WhiteElo "2192"]
[BlackElo "2605"]
[Annotator "TA"]
[PlyCount "66"]
[EventDate "2019.04.16"]
[EventType "swiss"]
[EventCountry "CHN"]
[SourceTitle "playchess.com"]
[Source "ChessBase"]
[SourceQuality "1"]

{[%evp 13,66,-26,-19,-14,0,-9,20,6,0,0,0,-62,-72,-68,-68,-95,-65,-72,-59,-98,-63,-69,-52,-39,-47,-41,-54,-54,-48,-43,-54,-91,-93,-141,-134,-156,-152,-145,-132,-174,-176,-234,-92,-97,-44,-62,-79,-291,-272,-291,-284,-296,-283,-308,-300]} 1. Nf3 Nf6 2. c4 e6 3. Nc3 Bb4 4. g3 O-O 5. Bg2 d5 6. d4 dxc4 7. O-O Nc6 8. Qa4 {E20: Nimzo-Indian: 4 g3 and 4 f3} Nd7 (8... Nd5 9. Qc2 Be7 10. Rd1 Ncb4 11. Qd2 c5 12. dxc5 Nxc3 13. bxc3 Nc6 14. Qc2 Qa5 15. Ng5 Bxg5 16. Bxg5 Qxc5 {½-½ (44) Cheparinov,I (2709)-Gelfand,B (2673) St Petersburg 2018}) 9. Rd1 Qe7 $146 ({Predecessor:} 9... Nb6 10. Qc2 h6 11. e4 Bd6 12. Be3 Bd7 13. Qe2 Re8 14. e5 Be7 15. Nd2 Na5 16. Qg4 Kh8 17. Qh5 Kg8 18. d5 Bf8 19. Nde4 Qc8 20. Bxh6 exd5 21. Nxd5 {1-0 (21) Baryshpolets,A (2592)-Kambrath,Y (2342) Costa Mesa 2017}) 10. e4 {The position is equal.} Nb6 11. Qc2 $1 e5 12. Nxe5 (12. Nd5 $11 Nxd5 13. exd5 Nxd4 14. Nxd4 exd4 15. Qxc4) 12... Nxd4 $15 13. Rxd4 Qxe5 14. Ne2 {[%cal Bc3e2,Be2d4,Bd4f5][%mdl 32]} Qe7 15. Bf4 Be6 16. Rad1 Bc5 17. R4d2 Rad8 18. Nd4 Bg4 19. Nf5 Qf6 20. Rxd8 Rxd8 21. Rxd8+ Qxd8 22. Ne3 {[#]} Be6 $1 23. Bf1 {[%cal Re3c4]} g5 24. Be5 Bxe3 25. fxe3 c5 26. Qf2 Nd7 $36 {[%mdl 2048] Black is really pushing.} 27. Bd6 (27. Qd2 {might work better.}) 27... f6 (27... Qa5 $19 {is more deadly.} 28. h4 Qxa2) 28. h4 $17 h6 ({Black should try} 28... gxh4 $17 29. gxh4 Qe8) 29. Qc2 Kg7 30. Bxc4 $2 (30. hxg5 $17 hxg5 31. e5) 30... Nb6 $1 $19 {[%csl LRc4,LRd6][%mdl 64] [#] Discovered Attack. Black has a decisive advantage.} 31. Bxe6 Qxd6 {[%mdl 64] Double Attack} 32. Bf5 Qxg3+ {[%mdl 64] Double Attack} 33. Kf1 Qf3+ {Accuracy: White = 31%, Black = 46%.} ({Weaker is} 33... gxh4 34. Qxc5 Kf7 35. b3 $17) (33... Qxh4 34. Kg2 $17) ({Much less strong is} 33... Qxe3 34. hxg5 fxg5 35. Qd1 $19) 0-1

[Event "2nd Guotai Cup Belt Road 2019"]
[Site "Qinhuangdao"]
[Date "2019.04.16"]
[Round "1.7"]
[White "Can, Emre"]
[Black "Zhang, Lanlin"]
[Result "1/2-1/2"]
[WhiteElo "2599"]
[BlackElo "2192"]
[Annotator "ChessBase"]
[PlyCount "93"]
[EventDate "2019.04.16"]
[EventType "swiss"]
[EventCountry "CHN"]
[SourceTitle "playchess.com"]
[Source "ChessBase"]
[SourceQuality "1"]
[TimeControl "5400+30"]

1. d4 {[%emt 0:00:00]} d5 {[%emt 0:01:11]} 2. Nf3 {[%emt 0:00:09]} Nf6 {[%emt 0:00:32]} 3. c4 {[%emt 0:00:29]} dxc4 {[%emt 0:01:33]} 4. e3 {[%emt 0:00:53]} e6 {[%emt 0:01:27]} 5. Bxc4 {[%emt 0:00:32]} c5 {[%emt 0:01:17]} 6. Qe2 {[%emt 0:03:07]} Nc6 {[%emt 0:04:52]} 7. O-O {[%emt 0:00:36]} Be7 {[%emt 0:04:53]} 8. dxc5 {[%emt 0:07:10]} O-O {[%emt 0:10:12]} 9. e4 {[%emt 0:08:36]} Nd4 {[%emt 0:09:34]} 10. Nxd4 {[%emt 0:02:13]} Qxd4 {[%emt 0:00:08]} 11. Nc3 {[%emt 0:07:17]} Bxc5 {[%emt 0:08:58]} 12. Rd1 {[%emt 0:17:40]} Qe5 {[%emt 0:01:46]} 13. Kh1 {[%emt 0:02:41]} Nh5 {[%emt 0:25:52]} 14. g3 {[%emt 0:19:19]} g6 {[%emt 0:05:21]} 15. Bh6 {[%emt 0:02:34]} Ng7 {[%emt 0:00:47]} 16. Bf4 {[%emt 0:11:10]} Qf6 {[%emt 0:00:26]} 17. e5 {[%emt 0:00:23]} Qe7 {[%emt 0:02:46]} 18. Ne4 {[%emt 0:00:10]} a6 {[%emt 0:03:29]} 19. Nf6+ {[%emt 0:03:40]} Kh8 {[%emt 0:00:07]} 20. Qg4 {[%emt 0:01:14]} b5 {[%emt 0:01:04]} 21. Qh4 {[%emt 0:01:31]} Nh5 {[%emt 0:02:53]} 22. Be2 {[%emt 0:01:16]} Nxf6 {[%emt 0:04:05]} 23. exf6 {[%emt 0:00:15]} Qb7+ {[%emt 0:03:19]} 24. Kg1 {[%emt 0:00:40]} Bd7 {[%emt 0:01:19]} 25. Rd3 {[%emt 0:00:18]} Qe4 {[%emt 0:02:02]} 26. Rxd7 {[%emt 0:02:17]} Qxe2 {[%emt 0:00:15]} 27. Rf1 {[%emt 0:00:15]} Qxb2 {[%emt 0:02:22]} 28. Bg5 {[%emt 0:02:15]} h5 {[%emt 0:00:17]} 29. Bf4 {[%emt 0:00:37]} Kg8 {[%emt 0:00:39]} 30. Qg5 {[%emt 0:00:27]} Rfc8 {[%emt 0:00:53]} 31. Be5 {[%emt 0:01:11]} Qe2 {[%emt 0:00:32]} 32. Bd6 {[%emt 0:02:55]} Bxd6 {[%emt 0:00:31]} 33. Rxd6 {[%emt 0:00:06]} Kh7 {[%emt 0:00:30]} 34. Rd7 {[%emt 0:00:23]} Rf8 {[%emt 0:00:06]} 35. Rc1 {[%emt 0:00:19]} Qg4 {[%emt 0:00:57]} 36. Qe5 {[%emt 0:01:08]} Qf5 {[%emt 0:00:21]} 37. Qd4 {[%emt 0:00:14]} Kg8 {[%emt 0:00:35]} 38. Rcc7 {[%emt 0:01:15]} Rac8 {[%emt 0:00:36]} 39. Rxf7 {[%emt 0:01:02]} Rxc7 {[%emt 0:00:05]} 40. Rxc7 {[%emt 0:00:13]} Qxf6 {[%emt 0:00:29]} 41. Qe3 {[%emt 0:01:05]} e5 {[%emt 0:00:39]} 42. Rb7 {[%emt 0:00:42]} Qf3 {[%emt 0:00:46]} 43. Qb6 {[%emt 0:00:27]} Qd1+ {[%emt 0:00:05]} 44. Kg2 {[%emt 0:00:06]} Qf3+ {[%emt 0:00:15]} 45. Kg1 {[%emt 0:00:10]} Qd1+ {[%emt 0:00:05]} 46. Kg2 {[%emt 0:00:06]} Qf3+ {[%emt 0:00:03]} 47. Kg1 {[%emt 0:00:04]} 1/2-1/2